UBT Library

DENTAL INSTRUMENTS (Record no. 59400)

000 -LEADER
fixed length control field 00316nam a22001457a 4500
008 - FIXED-LENGTH DATA ELEMENTS--GENERAL INFORMATION
fixed length control field 230320b ||||| |||| 00| 0 eng d
020 ## - INTERNATIONAL STANDARD BOOK NUMBER
International Standard Book Number 1931017042
041 ## - LANGUAGE CODE
Language code of text/sound track or separate title eng
080 ## - UNIVERSAL DECIMAL CLASSIFICATION NUMBER
Universal Decimal Classification number 616.31
082 ## - DEWEY DECIMAL CLASSIFICATION NUMBER
Classification number 616.31MIT
100 ## - Rafti
Rafti 12
101 ## - Shkurtesa
Shkurtesa STOMA
245 ## - TITLE STATEMENT
Title DENTAL INSTRUMENTS
Statement of responsibility, etc MITCHELL M
942 ## - ADDED ENTRY ELEMENTS (KOHA)
Source of classification or shelving scheme
Item type Books
Holdings
Withdrawn status Lost status Source of classification or shelving scheme Damaged status Not for loan Collection code Permanent location Current location Date acquired Total Checkouts Full call number Barcode Date last seen Price effective from Koha item type
          Koleksioni i përgjithshem UBT - Lipjan UBT - Lipjan 03/20/2023   616.31MIT 002-8002013 03/20/2023 03/20/2023 Books
UBT Library © 2015-2024. All rights reserved University Education for Business and Technology